Statistics for Bordering US States With The Same 1st Letter

Click here to take the quiz!

General Stats

  • This quiz has been taken 71 times
  • The average score is 6 of 6

Answer Stats

Answer% Correct
Indiana
100%
Illinois
98%
Illinois
98%
Iowa
98%
New Jersey
95%
New York
95%

Score Distribution

Percentile by Number Answered

Percent of People with Each Score

Your Score History

You have not taken this quiz